书目信息 |
| 题名: |
1978年诺贝尔演讲集
|
|
| 作者: | ;自然杂志编辑部 编 | |
| 分册: | ||
| 出版信息: | 上海 上海科学技术出版社 1981 |
|
| 页数: | 96页 | |
| 开本: | 25cm | |
| 丛书名: | 自然杂志增刊 | |
| 单 册: | ||
| 中图分类: | N53 | |
| 科图分类: | ||
| 主题词: | 诺贝尔奖金-演讲--文集 , 演讲-诺贝尔奖金--文集 , 自然科学--文集 | |
| 电子资源: | ||
| ISBN: | ||
| 000 | 00813nam2 2200289 45 | |
| 001 | 0181009614 | |
| 005 | 20040519104857.8 | |
| 010 | @dCNY0.69 | |
| 091 | @a13119.929 | |
| 100 | @a19950106d1981 em y0chiy0121 ea | |
| 101 | 1 | @achi@cmul |
| 102 | @aCN@b310000 | |
| 105 | @ay z 000hd | |
| 106 | @ar | |
| 200 | 10 | @a1978年诺贝尔演讲集@A1978 nian nuo bei er yan jiang ji@f自然杂志编辑部编 |
| 210 | @a上海@c上海科学技术出版社@d1981 | |
| 215 | @a96页@d25cm | |
| 225 | 2 | @a自然杂志增刊 |
| 410 | 0 | @120010@a自然杂志增刊 |
| 606 | @a诺贝尔奖金-演讲@z文集 | |
| 606 | @a演讲-诺贝尔奖金@z文集 | |
| 606 | 0 | @a自然科学@x文集 |
| 690 | @aN53@v3 | |
| 711 | 02 | @a自然杂志编辑部@Azi ran za zhi bian ji bu@4编 |
| 801 | 0 | @aCN@b上海图书馆@c20040519 |
| 801 | 2 | @aCN@bNLC@c20040519 |
| 905 | @f2@b74035-036@dN53@e101 | |
| 1978年诺贝尔演讲集/自然杂志编辑部编.-上海:上海科学技术出版社,1981 |
| 96页;25cm.-(自然杂志增刊) |
| ISBN :CNY0.69 |
| ● |
| 相关链接 |
|
|
|
|
正题名:1978年诺贝尔演讲集
索取号:N53/101
 
预约/预借
| 序号 | 登录号 | 条形码 | 馆藏地/架位号 | 状态 | 备注 |
| 1 | 0074035 | 001201602 | 第三借阅区/ [索取号:N53/101] | 在馆 | |
| 2 | 0074036 | 001201595 | 第三借阅区/ [索取号:N53/101] | 在馆 | |
| 3 | 0074037 | 001201586 | 第二样本阅览室/ [索取号:N53/101] | 在馆 |